MRCS appliedbasic science and clinical topics
Salvato in:
| Autore principale: | |
|---|---|
| Natura: | Libro |
| Lingua: | inglese |
| Pubblicazione: |
J.P Medical Publishers Ltd.
2013.
|
| Tags: |
Aggiungi Tag
Nessun Tag, puoi essere il primo ad aggiungerne!!
|
MARC
| LEADER | 00000nam a22000007a 4500 | ||
|---|---|---|---|
| 008 | 210922b ||||| |||| 00| 0 eng d | ||
| 020 | |a 9781907816437 | ||
| 100 | |a PARKER,Stephen. | ||
| 245 | |a MRCS appliedbasic science and clinical topics |c Stephen Parker |g xix,408p:ill. | ||
| 260 | |b J.P Medical Publishers Ltd. |c 2013. |d Book. |h London. |i 696946 |i 696947 |l RD 31.5.P21 |m Surgery. |m Physiology, Pathologyical. |m Anatomy, Surgical and Topographical |m Pathology, Surgical |m Human Physiology. | ||
| 500 | |a "It includes index". | ||
| 942 | |a lcc |c BK |e Olagoke M.A. |f 22/09/2021 | ||
| 952 | |0 0 |1 0 |2 lcc |4 0 |7 0 |9 3600 |a HOL |b ML |c QZ |d 2021-09-22 |r 2021-09-22 00:00:00 |t 696946 |w 2021-09-22 |y BK | ||
| 952 | |0 0 |1 0 |2 lcc |4 0 |7 0 |9 3601 |a HOL |b HOL |c QZ |d 2021-09-22 |r 2021-09-22 00:00:00 |t 696947 |w 2021-09-22 |y BK | ||
| 999 | |c 1784 |d 1784 | ||